000 02020nam a22001577a 4500
999 _c521673
_d521673
008 230222b ||||| |||| 00| 0 eng d
100 _aThapa, Rukmini and Mishra, Deepak K.
_937397
245 _aAgrarian distress and seasonal out-migration: Insights from a field survey in North Bengal
260 _aSociological Bulletin
300 _a71(3), Jul, 2022: p.396-420
520 _aA substantial section of India’s migrant labour force is pushed into precarious livelihoods in the informal economy. The circular dynamic of seasonal migration, taken to fill the recurrent voids in earnings and employment, is the only distress-ameliorating strategy of marginalised households and should not be equated with accumulative and aspirational forms of livelihood diversification. We analyse the processes behind the emergence of a mobile labour force in the backdrop of the declining viability of agriculture. We have documented illustrations of livelihood distress of two villages using data from a primary field survey conducted in the northern region of West Bengal. Our findings show that the multiple modes of migration in both villages were outcomes of migrants’ relentless efforts to continuously evolve and explore new routes for livelihood and, in the process, develop ways to minimise risks and social costs. With rising employment insecurity in the urban economy, migrants were building resilience against different forms of vulnerability and redundancy from traditional modes of reproduction. The linkages between the crisis of survival of the agrarian classes in rural India and the continued vulnerability of the seasonal and circular migrant workers point to the specific ways in which labour is getting absorbed, most often in adverse forms, in a rapidly globalising Indian economy. – Reproduced
650 _aAgrarain crisis, Seasonal migration, Livelihood diversification, Labour migration, North Bengal.
_935837
773 _aSociological Bulletin
906 _aAGRARIAN DISASTER
942 _cAR